000
00322nam a22001457a 4500
003
OSt
008
240409b |||||||| |||| 00| 0 eng d
020
_a
9788124800270
100
_a
BRONTE,Charlotte
245
_a
Jane Eyre
250
_a
1st Ed
260
_a
New Delhi
_b
Peacock
_c
2023
300
_a
481
942
_2
ddc
_c
REF
999
_c
12416
_d
12416